The Central European Privatization Fund sa snaží získať väčší balík akcií Reštitučného investičného fondu

Newyorský fond The Central European Privatization Fund si chce upevniť pozície v Reštitučnom investičnom fonde (RIF), a.s. Bratislava. Majoritný vlastník RIF. Nejasná reálna hodnota majetku. Strata v roku 1999, v roku 2000 RIF predpokladá zisk. RIF a privatizácia Slovenskej sporiteľne.

Saved in:
Bibliographic Details
Main Author: Kyselý, Ľubor
Format: Book Chapter
Language:Slovak
Subjects:
Tags: Add Tag
No Tags, Be the first to tag this record!

MARC

LEADER 00000naa a2200000 4500
001 r037754
005 20230921105352.8
041 0 |a slo 
044 |a SK 
245 1 0 |a The Central European Privatization Fund sa snaží získať väčší balík akcií Reštitučného investičného fondu  |c Ľubor Kyselý 
520 |a Newyorský fond The Central European Privatization Fund si chce upevniť pozície v Reštitučnom investičnom fonde (RIF), a.s. Bratislava. Majoritný vlastník RIF. Nejasná reálna hodnota majetku. Strata v roku 1999, v roku 2000 RIF predpokladá zisk. RIF a privatizácia Slovenskej sporiteľne. 
610 2 0 |a trh kapitálový 
610 2 0 |a akcie 
610 2 0 |a hodnota 
610 2 0 |a majetok 
610 2 0 |a strata 
610 2 0 |a fondy investičné 
610 2 0 |a privatizácia 
610 2 0 |a The Central European Privatization Fund 
610 2 0 |a Reštitučný investičný fond, a.s. Bratislava 
100 1 |a Kyselý, Ľubor